000 00689nam a2200193Ia 4500
003 OSt
005 20250505154153.0
008 191128s1983 ck er 000 f spa d
040 _aCO-JMCR
_cCO-JMCR
041 _aspa
082 0 4 _aA-N
_bWOUv
100 1 _aWouk, Herman,
_eautor
_98317
245 1 0 _aVientos de guerra : pamela /
_cHerman Wouk
260 _aBogotá :
_bCírculo de lectores,
_c1983
300 _a310 páginas ;
_c20 cm.
520 _aLa novela está compuesta por 3 volúmenes, y está centrada en las vicisitudes de una familia cuyos integrantes se verán afectados por diversas circunstancias por la guerra.
650 1 4 _aNovela estadounidense
_98318
942 _2ddc
_cBK
999 _c3522
_d3522